Colored Number Selection 1-100 Quiz Stats

 Plays Quiz Updated Mar 22, 2018

Challenge
Share
Tweet
Score 0/100 Timer 08:00
8 Plays Today
% Correct
???
93.5%
???
91.9%
???
91.8%
???
90.8%
???
89.8%
???
89%
???
88.9%
???
87.5%
???
87.1%
???
86.9%
???
86.8%
???
86.5%
???
85.4%
???
85.2%
???
84.7%
???
83.3%
???
83.2%
???
82.4%
???
82.3%
???
82.2%
???
81.4%
???
80.4%
???
79.8%
???
79.8%
???
78.7%
???
78%
???
77.9%
???
77.7%
???
76.7%
???
76.1%
???
75.4%
???
74.7%
???
74.6%
???
72.9%
% Correct
???
72%
???
71.8%
???
71.1%
???
70.2%
???
70%
???
69%
???
68.6%
???
68.1%
???
67.3%
???
67.3%
???
65.9%
???
65.8%
???
63.9%
???
63.8%
???
62.6%
???
61.8%
???
60.9%
???
60.8%
???
59.6%
???
59.2%
???
57.7%
???
57.1%
???
56.5%
???
54.8%
???
54.6%
???
53.8%
???
52.9%
???
51.8%
???
50.7%
???
50.5%
???
49.4%
???
48.5%
???
48%
???
47.4%
% Correct
???
46.8%
???
45.9%
???
45.3%
???
44.7%
???
44%
???
43.2%
???
42.6%
???
41.7%
???
41.3%
???
41.2%
???
40.5%
???
39.8%
???
38.5%
???
38.4%
???
38.2%
???
37.7%
???
37.1%
???
36.6%
???
36.1%
???
36.1%
???
35.7%
???
35.2%
???
34.9%
???
34.4%
???
34.3%
???
34.2%
???
34.1%
???
33.5%
???
33.5%
???
33.4%
???
33.4%
???
33.4%

You're not logged in!

Compare scores with friends on all Sporcle quizzes.
OR
Log In

You Might Also Like...

Show Comments

Extras

Top Quizzes Today


Score Distribution

Your Account Isn't Verified!

In order to create a playlist on Sporcle, you need to verify the email address you used during registration. Go to your Sporcle Settings to finish the process.

Report this User

Report this user for behavior that violates our Community Guidelines.

Details: